000 00423nam a22001697a 4500
005 20180305124429.0
008 160524b xxu||||| |||| 00| 0 eng d
020 _a81-259-1607-5
041 _aeng
082 _b4760
_a332.1
100 _aShekhar, K.C. and Others
_91185
245 _aBanking Theory and Practice
260 _aNew Delhi
_bAcademic Faundation
300 _a598
650 _aManagement
_9241
942 _cBK
999 _c1614
_d1613